000 00522nam a2200181 4500
999 _c171839
_d171839
005 20200121164830.0
010 _aENG-127493
020 _c175.00
_a8185586764
035 _aEN-111025
037 _bDBAD/PUB
082 _aS
245 _aMapping Memories
_cedited by Sukrita Paul, Muhammad Ali Siddiqui
260 _aNew Delhi
_bKatha Urdu Library
_c1998
270 _aA-3 Sarvodaya Enclave Sri Aurobindo Marg
_bNew Delhi
_e110017
300 _a225p.
_c21cm(hb)
700 _a Paul,Sukrita
942 _2ddc
_cEN
_hS
_mMAP